Deeds Of Gallantry : (Record no. 195742)

MARC details
000 -LEADER
fixed length control field 00655nam a22001937a 4500
005 - DATE AND TIME OF LATEST TRANSACTION
control field 20230419115554.0
010 ## - LCCN (DPL NO)
LC control number ENG-136738
020 ## - INTERNATIONAL STANDARD BOOK NUMBER
International Standard Book Number 9788123798257
Terms of availability 260.00
035 ## - SYSTEM CONTROL NUMBER
System control number EN-120270
037 ## - SOURCE OF ACQUISITION
Source of stock number/acquisition DBAD/PUB
082 ## - DEWEY DECIMAL CLASSIFICATION NUMBER
Classification number 954.920514
245 00 - TITLE STATEMENT
Title Deeds Of Gallantry :
Statement of responsibility, etc Edited By Amlesh Kumar Mishra
Remainder of title Fifty Years Of The 1971 Victory /
250 ## - EDITION STATEMENT
Edition statement First
260 ## - PUBLICATION, DISTRIBUTION, ETC. (IMPRINT)
Place of publication, distribution, etc New Delhi
Name of publisher, distributor, etc National Books Trust
Date of publication, distribution, etc 2021
270 ## - ADDRESS
City New Delhi
Address Nehru Bhawan,5 Institutional Area Phase -2 Vasant Kunj
Postal code 110070
300 ## - PHYSICAL DESCRIPTION
Extent viii,210p. :
Dimensions 21cm(pbk)
Other physical details ill.,
700 ## - ADDED ENTRY--PERSONAL NAME
Personal name Mishra, Amlesh Kumar
Relator term Editor
942 ## - ADDED ENTRY ELEMENTS (KOHA)
Source of classification or shelving scheme Dewey Decimal Classification
Item type English Books
Call number suffix DEE
Classification part 954.920514
Holdings
Withdrawn status Lost status Not for loan Collection code Home library Current library Date acquired Source of acquisition Cost, normal purchase price Full call number Barcode Copy number Cost, replacement price Koha item type
      Non-fiction Shahdara Branch Shahdara Branch 19/04/2023 DBAD/PUB 260.00 954.920514 DEE EN-120270 1 260.00 English Books

© Delhi Public Library
Hit Counter
free hit counter